| 000 | 00356cam a2200145ua 4500 | ||
|---|---|---|---|
| 041 |
_aeng _h |
||
| 082 |
_a372.89 _bGHA/TE |
||
| 100 | _aGhate, V D . | ||
| 245 |
_aTeaching of history / _cV D Ghate. _hTextual Documents |
||
| 260 |
_aLondon : _bOxford University Press , _c1964. |
||
| 300 | _a201 ; . | ||
| 504 | _a | ||
| 942 | _cBK | ||
| 999 |
_c11541 _d11541 |
||